000 00431cam a22001457a 4500
008 180718b2007 xxu||||| |||| 00| 0 eng d
020 _a8189915150
082 _aT15 G561
100 _aGokilavani, S.
245 _aWomen's consumer rights and their awareness: text and case study
_cby S. Gokilavani and R. Nageswari
260 _aDelhi
_bRegal
_c2007
300 _a255p.
650 _aConsumer protection
700 _aNageswari, R.
999 _c407393
_d407393